LEADER 01203nam a2200289 a 4500 001 000000169891 003 CaOOAMICUS 005 20181010142428.0 008 181010s1980 gw 000 u ger r 020 $a3-489-61034-2* 032 $aLibriCat 040 $aPul$bita 100 1 $aRiedl, Rupert.$0(OLS)http://pul/name/109329 245 10$aBiologie der Erkenntnis : $bDie stammesgeschichtlichen Grundlagen der Vernunft / $cvon Professor Dr. Rupert Riedl ; unter Mitarbeit von Robert Kaspar . 260 $aMünchen :$bPiper & Co.,$c©1981. 300 $a320 p. ; $c18 cm. 490 1 $aDTV ;$v10858 650 4$aFisica.$0(OLS)http://pul/subject/21828 700 1 $aKaspar, Robert.$0(OLS)http://pul/name/109330 830 0$aDTV ;$v10858.$0(OLS)http://pul/title/69234 850 $aPUL 852 $aPUL$W1$xDP1 Fondo Seidl$y56$m4 B 90$j163147$qFondi$B198003$CPULBib$Z2$F198003 $81 941 1 $a1 996 $6020$a3-489-61034-2*$9(OLS)http://pul/number/164882 996 $6245$aBiologie der Erkenntnis : $bDie stammesgeschichtlichen Grundlagen der Vernunft / $9(OLS)http://pul/title/210555 996 $6260$aMünchen :$bPiper & Co.$9(OLS)http://pul/publisher/70914 LEADER 01500nam a2200313 a 4500 001 000000138329 003 CaOOAMICUS 005 20140512151405.0 008 140512s2014 it u000 u ita r 020 $a978-88-250-3661-9 040 $aPUL$bita 100 1 $aTagliaferri, Roberto.$0(OLS)http://pul/name/64091 245 13$aIl cristianesimo "pagano" della religiosità popolare /$cRoberto Tagliaferri ; prefazione di Aldo Natale Terrin ; postfazione di Andrea Grillo. 260 $aPadova :$bEdizioni Messaggero,$c©2014$aPadova :$bAbbazia di Santa Giustina,$c©2014. 300 $a295 p. ;$c21 cm 490 1 $aCaro salutis cardo.$aStudi ;$v22 504 $aBibliografia p. 287-295. 650 4$aReligiosità.$0(OLS)http://pul/subject/6196 700 1 $aGrillo, Andrea,$d1961-$0(OLS)http://pul/name/32986 700 1 $aTerrin, Aldo Natale,$d1941-2024.$0(OLS)http://pul/name/398 830 0$aCaro salutis cardo.$pStudi ;$v22.$0(OLS)http://pul/title/46233 850 $aPUL 852 $aPUL$W1$xSL Religione 1$y3$m11 N 12.2.22$j159540$qStampati$q $B159075$CPULBib$Z2$F159075 $H123940 $81 941 1 $a8 996 $6020$a978-88-250-3661-9$9(OLS)http://pul/number/155176 996 $6245$aIl cristianesimo "pagano" della religiosità popolare$9(OLS)http://pul/title/175102 996 $6260$aPadova :$bEdizioni Messaggero$9(OLS)http://pul/publisher/51217 996 $6260$aPadova :$bAbbazia di Santa Giustina$9(OLS)http://pul/publisher/82207